| 000 | 00597nam a2200169Ia 4500 | ||
|---|---|---|---|
| 008 | 180921t2016 xxu||||| |||| 00| 0 sin d | ||
| 041 | _asin | ||
| 080 |
_a334 _bBUL |
||
| 100 | _aBulathgama, Abaya B | ||
| 245 | _aසමූපකාර සමිති කාරක සභා අධයක්ෂ මණ්ඩල කටයුතු වලට අත්වැලක් | ||
| 246 | _aSamuupakara Samithi Karaka Addiyaksha Mandala Katayuthuwalata Athwelak | ||
| 260 |
_bCoparative _aMulleriyawa _c2016 |
||
| 300 | _b152p, 19cm | ||
| 942 | _cBK | ||
| 999 |
_c897 _d897 |
||
| 003 | LK-CoDNM | ||
| 040 |
_aLK-CoDNM _dLK-CoDNM _eLK-CoDNM |
||